[Event "DEM U18 2024"]
[Site "Willingen GER"]
[Date "2024.05.24"]
[Round "8"]
[White "Prieb, Robert"]
[Black "Hommer, Jeremy"]
[Result "1/2-1/2"]
[Termination "normal"]
[Board "8"]
[WhiteTitle "CM"]
[BlackTitle "FM"]
[WhiteElo "2105"]
[BlackElo "2264"]
[WhiteClock "00:06:10"]
[BlackClock "00:02:25"]
[PlyCount "226"]
[WhiteFideId "16212002"]
[BlackFideId "12992577"]
[EventCountry "GER"]
[EventRounds "9"]
[EventType "swiss"]
[EventDate "2024.05.18"]

1. d4 {[%clk 01:30:57]} {[%emt 00:00:02]} Nf6 {[%clk 01:30:53]} {[%emt
00:00:08]} 2. Nf3 {[%clk 01:31:15]} {[%emt 00:00:11]} e6 {[%clk 01:31:14]}
{[%emt 00:00:09]} 3. c4 {[%clk 01:31:34]} {[%emt 00:00:12]} b6 {[%clk
01:31:30]} {[%emt 00:00:14]} 4. g3 {[%clk 01:31:47]} {[%emt 00:00:16]} Bb7
{[%clk 01:30:52]} {[%emt 00:01:09]} 5. Bg2 {[%clk 01:32:02]} {[%emt 00:00:15]}
d5 {[%clk 01:26:09]} {[%emt 00:05:14]} 6. O-O {[%clk 01:28:20]} {[%emt
00:04:11]} dxc4 {[%clk 01:25:55]} {[%emt 00:00:44]} 7. Qa4+ {[%clk 01:26:10]}
{[%emt 00:02:40]} Bc6 {[%clk 01:16:49]} {[%emt 00:09:36]} 8. Qxc4 {[%clk
01:26:21]} {[%emt 00:00:18]} Bd6 {[%clk 01:16:50]} {[%emt 00:00:30]} 9. Nc3
{[%clk 01:23:32]} {[%emt 00:03:19]} a6 {[%clk 01:11:19]} {[%emt 00:06:01]} 10.
a4 {[%clk 01:20:28]} {[%emt 00:03:33]} b5 {[%clk 01:10:50]} {[%emt 00:01:00]}
11. Qd3 {[%clk 01:17:59]} {[%emt 00:02:58]} b4 {[%clk 01:09:19]} {[%emt
00:02:02]} 12. Nb1 {[%clk 01:17:44]} {[%emt 00:00:45]} Nbd7 {[%clk 01:07:47]}
{[%emt 00:02:01]} 13. Nbd2 {[%clk 01:15:08]} {[%emt 00:03:07]} O-O {[%clk
01:04:23]} {[%emt 00:03:54]} 14. e4 {[%clk 01:13:54]} {[%emt 00:01:44]} Be7
{[%clk 01:04:15]} {[%emt 00:00:39]} 15. e5 {[%clk 01:10:31]} {[%emt 00:03:52]}
Nd5 {[%clk 01:03:41]} {[%emt 00:01:03]} 16. Ne4 {[%clk 01:08:08]} {[%emt
00:02:53]} h6 {[%clk 01:03:31]} {[%emt 00:00:40]} 17. Bd2 {[%clk 01:03:38]}
{[%emt 00:05:00]} Bb7 {[%clk 01:01:54]} {[%emt 00:02:07]} 18. Rac1 {[%clk
01:00:11]} {[%emt 00:03:58]} a5 {[%clk 01:00:14]} {[%emt 00:02:11]} 19. Qc2
{[%clk 00:56:50]} {[%emt 00:03:50]} Rc8 {[%clk 00:58:35]} {[%emt 00:02:09]} 20.
Nc5 {[%clk 00:54:42]} {[%emt 00:02:38]} Nxc5 {[%clk 00:55:40]} {[%emt
00:03:24]} 21. dxc5 {[%clk 00:54:45]} {[%emt 00:00:27]} Ba6 {[%clk 00:56:04]}
{[%emt 00:00:07]} 22. Rfe1 {[%clk 00:53:11]} {[%emt 00:02:03]} c6 {[%clk
00:55:45]} {[%emt 00:00:49]} 23. Nd4 {[%clk 00:50:09]} {[%emt 00:03:32]} Qd7
{[%clk 00:54:33]} {[%emt 00:01:43]} 24. Qe4 {[%clk 00:47:51]} {[%emt 00:02:48]}
Qa7 {[%clk 00:52:09]} {[%emt 00:02:53]} 25. Bxh6 {[%clk 00:34:42]} {[%emt
00:13:39]} gxh6 {[%clk 00:52:04]} {[%emt 00:00:34]} 26. Nxe6 {[%clk 00:34:59]}
{[%emt 00:00:15]} Bg5 {[%clk 00:49:19]} {[%emt 00:03:15]} 27. Nxg5 {[%clk
00:31:19]} {[%emt 00:04:10]} hxg5 {[%clk 00:49:26]} {[%emt 00:00:23]} 28. Qf5
{[%clk 00:30:31]} {[%emt 00:01:18]} Qe7 {[%clk 00:48:33]} {[%emt 00:01:22]} 29.
h4 {[%clk 00:26:25]} {[%emt 00:04:37]} Qe6 {[%clk 00:42:50]} {[%emt 00:06:13]}
30. Qxg5+ {[%clk 00:24:38]} {[%emt 00:02:17]} Qg6 {[%clk 00:43:04]} {[%emt
00:00:16]} 31. f4 {[%clk 00:20:24]} {[%emt 00:04:44]} Rfd8 {[%clk 00:40:08]}
{[%emt 00:03:25]} 32. Bh3 {[%clk 00:18:17]} {[%emt 00:02:38]} Qxg5 {[%clk
00:37:19]} {[%emt 00:03:19]} 33. hxg5 {[%clk 00:18:19]} {[%emt 00:00:28]} Rb8
{[%clk 00:37:43]} {[%emt 00:00:06]} 34. f5 {[%clk 00:15:12]} {[%emt 00:03:36]}
Ne7 {[%clk 00:35:56]} {[%emt 00:02:17]} 35. e6 {[%clk 00:14:00]} {[%emt
00:01:43]} Bc8 {[%clk 00:26:19]} {[%emt 00:10:07]} 36. f6 {[%clk 00:13:31]}
{[%emt 00:00:59]} Ng6 {[%clk 00:26:42]} {[%emt 00:00:06]} 37. e7 {[%clk
00:10:33]} {[%emt 00:03:28]} Bxh3 {[%clk 00:26:27]} {[%emt 00:00:44]} 38.
exd8=Q+ {[%clk 00:10:58]} {[%emt 00:00:07]} Rxd8 {[%clk 00:26:45]} {[%emt
00:00:12]} 39. Rcd1 {[%clk 00:10:54]} {[%emt 00:00:33]} Rxd1 {[%clk 00:25:05]}
{[%emt 00:02:11]} 40. Rxd1 {[%clk 00:11:23]} Ne5 {[%clk 00:24:36]} {[%emt
00:00:58]} 41. Rd8+ {[%clk 00:08:06]} {[%emt 00:03:48]} Kh7 {[%clk 00:25:04]}
{[%emt 00:00:02]} 42. Ra8 {[%clk 00:08:00]} {[%emt 00:00:35]} Nc4 {[%clk
00:24:39]} {[%emt 00:00:56]} 43. b3 {[%clk 00:07:24]} {[%emt 00:01:06]} Nd2
{[%clk 00:24:58]} {[%emt 00:00:10]} 44. Rxa5 {[%clk 00:07:42]} {[%emt
00:00:12]} Nxb3 {[%clk 00:25:12]} {[%emt 00:00:16]} 45. Ra6 {[%clk 00:07:30]}
{[%emt 00:00:42]} Nxc5 {[%clk 00:21:58]} {[%emt 00:03:44]} 46. Rxc6 {[%clk
00:05:44]} {[%emt 00:02:17]} Nxa4 {[%clk 00:21:04]} {[%emt 00:01:24]} 47. Rc4
{[%clk 00:05:56]} {[%emt 00:00:17]} Bf5 {[%clk 00:17:23]} {[%emt 00:04:10]} 48.
Rxb4 {[%clk 00:05:32]} {[%emt 00:00:55]} Nc3 {[%clk 00:17:47]} {[%emt
00:00:06]} 49. Rc4 {[%clk 00:28:59]} {[%emt 00:07:04]} Ne4 {[%clk 00:47:05]}
{[%emt 00:01:12]} 50. Kg2 {[%clk 00:27:58]} {[%emt 00:01:31]} Nxg5 {[%clk
00:46:43]} {[%emt 00:00:52]} 51. Rf4 {[%clk 00:25:59]} {[%emt 00:02:29]} Kg6
{[%clk 00:45:57]} {[%emt 00:01:16]} 52. Rb4 {[%clk 00:24:58]} {[%emt 00:01:31]}
Kxf6 {[%clk 00:43:34]} {[%emt 00:02:53]} 53. Rf4 {[%clk 00:24:40]} {[%emt
00:00:48]} Kg6 {[%clk 00:42:57]} {[%emt 00:01:05]} 54. Rh4 {[%clk 00:22:02]}
{[%emt 00:03:09]} Be4+ {[%clk 00:42:37]} {[%emt 00:00:51]} 55. Kf2 {[%clk
00:22:18]} {[%emt 00:00:13]} Bd5 {[%clk 00:42:16]} {[%emt 00:00:52]} 56. Rd4
{[%clk 00:21:23]} {[%emt 00:01:25]} Be4 {[%clk 00:42:27]} {[%emt 00:00:18]} 57.
Rd6+ {[%clk 00:20:52]} {[%emt 00:01:01]} Kf5 {[%clk 00:42:12]} {[%emt
00:00:45]} 58. Rh6 {[%clk 00:20:43]} {[%emt 00:00:40]} Bd5 {[%clk 00:42:21]}
{[%emt 00:00:20]} 59. Rh4 {[%clk 00:20:38]} {[%emt 00:00:35]} Ne4+ {[%clk
00:42:20]} {[%emt 00:00:31]} 60. Kg2 {[%clk 00:20:52]} {[%emt 00:00:17]} Ke5
{[%clk 00:40:34]} {[%emt 00:02:15]} 61. Rf4 {[%clk 00:20:25]} {[%emt 00:00:57]}
Ng5+ {[%clk 00:39:53]} {[%emt 00:01:11]} 62. Kh2 {[%clk 00:20:09]} {[%emt
00:00:46]} Be4 {[%clk 00:39:44]} {[%emt 00:00:40]} 63. Rf2 {[%clk 00:19:35]}
{[%emt 00:01:04]} f5 {[%clk 00:39:22]} {[%emt 00:00:52]} 64. Rf4 {[%clk
00:19:05]} {[%emt 00:01:00]} Ne6 {[%clk 00:36:15]} {[%emt 00:03:36]} 65. Rf2
{[%clk 00:17:52]} {[%emt 00:01:43]} Kd4 {[%clk 00:36:10]} {[%emt 00:00:35]} 66.
Ra2 {[%clk 00:17:38]} {[%emt 00:00:44]} Ke3 {[%clk 00:35:27]} {[%emt 00:01:13]}
67. Ra3+ {[%clk 00:17:28]} {[%emt 00:00:40]} Kf2 {[%clk 00:35:48]} {[%emt
00:00:09]} 68. Ra2+ {[%clk 00:17:27]} {[%emt 00:00:33]} Kf3 {[%clk 00:36:01]}
{[%emt 00:00:16]} 69. Kh3 {[%clk 00:16:33]} {[%emt 00:01:24]} Nc5 {[%clk
00:36:06]} {[%emt 00:00:24]} 70. Ra5 {[%clk 00:15:29]} {[%emt 00:01:34]} Nb3
{[%clk 00:29:13]} {[%emt 00:07:23]} 71. Ra3 {[%clk 00:15:13]} {[%emt 00:00:47]}
Bc2 {[%clk 00:28:36]} {[%emt 00:01:07]} 72. Ra4 {[%clk 00:15:11]} {[%emt
00:00:32]} Ke3 {[%clk 00:27:55]} {[%emt 00:01:10]} 73. Kh4 {[%clk 00:13:06]}
{[%emt 00:02:35]} Nd4 {[%clk 00:22:42]} {[%emt 00:05:44]} 74. Ra3+ {[%clk
00:12:24]} {[%emt 00:01:12]} Ke4 {[%clk 00:22:37]} {[%emt 00:00:34]} 75. Ra8
{[%clk 00:11:41]} {[%emt 00:01:13]} Nf3 {[%clk 00:21:23]} {[%emt 00:01:43]} 76.
Kh3 {[%clk 00:11:32]} {[%emt 00:00:40]} Ke3 {[%clk 00:20:47]} {[%emt 00:01:07]}
77. Kg2 {[%clk 00:10:46]} {[%emt 00:01:16]} Bd3 {[%clk 00:17:38]} {[%emt
00:03:39]} 78. Ra3 {[%clk 00:08:36]} {[%emt 00:02:40]} Ne5 {[%clk 00:17:00]}
{[%emt 00:01:07]} 79. Ra5 {[%clk 00:08:28]} {[%emt 00:00:38]} Nc4 {[%clk
00:16:48]} {[%emt 00:00:43]} 80. Ra2 {[%clk 00:08:13]} {[%emt 00:00:45]} Be4+
{[%clk 00:17:02]} {[%emt 00:00:15]} 81. Kh3 {[%clk 00:08:06]} {[%emt 00:00:37]}
Kd4 {[%clk 00:11:32]} {[%emt 00:06:00]} 82. Rf2 {[%clk 00:08:05]} {[%emt
00:00:31]} Ke5 {[%clk 00:11:47]} {[%emt 00:00:15]} 83. Rf4 {[%clk 00:08:12]}
{[%emt 00:00:23]} Ne3 {[%clk 00:11:35]} {[%emt 00:00:43]} 84. Kh2 {[%clk
00:07:45]} {[%emt 00:00:57]} Kf6 {[%clk 00:11:45]} {[%emt 00:00:19]} 85. Rh4
{[%clk 00:07:32]} {[%emt 00:00:43]} Kg5 {[%clk 00:10:58]} {[%emt 00:01:17]} 86.
Rf4 {[%clk 00:07:24]} {[%emt 00:00:38]} Nd5 {[%clk 00:06:08]} {[%emt 00:05:21]}
87. Rh4 {[%clk 00:07:39]} {[%emt 00:00:14]} Nf6 {[%clk 00:06:12]} {[%emt
00:00:26]} 88. Rf4 {[%clk 00:07:32]} {[%emt 00:00:37]} Ng4+ {[%clk 00:05:40]}
{[%emt 00:01:02]} 89. Kh3 {[%clk 00:07:13]} {[%emt 00:00:49]} Bd3 {[%clk
00:06:02]} {[%emt 00:00:08]} 90. Kg2 {[%clk 00:07:21]} {[%emt 00:00:22]} Ne5
{[%clk 00:05:59]} {[%emt 00:00:34]} 91. Kh3 {[%clk 00:07:24]} {[%emt 00:00:27]}
Be2 {[%clk 00:05:10]} {[%emt 00:01:19]} 92. Kg2 {[%clk 00:07:27]} {[%emt
00:00:26]} Nd3 {[%clk 00:04:51]} {[%emt 00:00:49]} 93. Rd4 {[%clk 00:07:41]}
{[%emt 00:00:16]} Kf6 {[%clk 00:05:02]} {[%emt 00:00:19]} 94. Ra4 {[%clk
00:07:27]} {[%emt 00:00:44]} Ke5 {[%clk 00:05:12]} {[%emt 00:00:20]} 95. Ra2
{[%clk 00:07:36]} {[%emt 00:00:21]} Bg4 {[%clk 00:04:39]} {[%emt 00:01:03]} 96.
Ra4 {[%clk 00:07:47]} {[%emt 00:00:20]} Kd5 {[%clk 00:04:27]} {[%emt 00:00:42]}
97. Ra8 {[%clk 00:07:27]} {[%emt 00:00:50]} Kd4 {[%clk 00:04:46]} {[%emt
00:00:11]} 98. Re8 {[%clk 00:07:30]} {[%emt 00:00:26]} Nc5 {[%clk 00:04:36]}
{[%emt 00:00:40]} 99. Ra8 {[%clk 00:07:35]} {[%emt 00:00:26]} Ke3 {[%clk
00:04:50]} {[%emt 00:00:15]} 100. Ra3+ {[%clk 00:07:16]} {[%emt 00:00:50]} Nd3
{[%clk 00:05:09]} {[%emt 00:00:11]} 101. Ra2 {[%clk 00:06:57]} {[%emt
00:00:49]} Bf3+ {[%clk 00:03:30]} {[%emt 00:02:09]} 102. Kh2 {[%clk 00:06:54]}
{[%emt 00:00:32]} Be4 {[%clk 00:03:31]} {[%emt 00:00:30]} 103. Ra3 {[%clk
00:06:38]} {[%emt 00:00:46]} Kf2 {[%clk 00:02:55]} {[%emt 00:01:04]} 104. Ra2+
{[%clk 00:06:02]} {[%emt 00:01:07]} Kf3 {[%clk 00:03:16]} {[%emt 00:00:10]}
105. Kh3 {[%clk 00:05:36]} {[%emt 00:00:56]} Nf2 {[%clk 00:02:52]} {[%emt
00:00:53]} 106. Kh2 {[%clk 00:05:58]} {[%emt 00:00:08]} Ng4+ {[%clk 00:01:57]}
{[%emt 00:01:26]} 107. Kh3 {[%clk 00:06:16]} {[%emt 00:00:12]} Ne3 {[%clk
00:02:25]} {[%emt 00:00:02]} 108. Ra3 Bd5 109. Ra4 Bc4 110. Ra3 Bd5 111. Ra4
Bc4 112. Ra3 Be6 113. Kh2 Ke2 1/2-1/2

[Event "DEM U18 2024"]
[Site "Willingen GER"]
[Date "2024.05.24"]
[Round "8"]
[White "Englert, Luca"]
[Black "Hecht, Jonas Christian"]
[Result "0-1"]
[Termination "normal"]
[Board "9"]
[WhiteElo "2168"]
[BlackElo "2101"]
[WhiteClock "00:17:19"]
[BlackClock "00:23:37"]
[PlyCount "98"]
[WhiteFideId "16293088"]
[BlackFideId "16214846"]
[EventCountry "GER"]
[EventRounds "9"]
[EventType "swiss"]
[EventDate "2024.05.18"]

1. e4 {[%clk 01:30:57]} {[%emt 00:00:01]} c5 {[%clk 01:30:56]} {[%emt
00:00:05]} 2. Nf3 {[%clk 01:31:21]} {[%emt 00:00:05]} Nc6 {[%clk 01:31:21]}
{[%emt 00:00:06]} 3. d4 {[%clk 01:31:46]} {[%emt 00:00:04]} cxd4 {[%clk
01:31:47]} {[%emt 00:00:05]} 4. Nxd4 {[%clk 01:32:11]} {[%emt 00:00:05]} Nf6
{[%clk 01:32:12]} {[%emt 00:00:06]} 5. Nc3 {[%clk 01:32:33]} {[%emt 00:00:07]}
e5 {[%clk 01:32:37]} {[%emt 00:00:04]} 6. Ndb5 {[%clk 01:32:18]} {[%emt
00:00:46]} d6 {[%clk 01:32:59]} {[%emt 00:00:08]} 7. Bg5 {[%clk 01:32:42]}
{[%emt 00:00:05]} a6 {[%clk 01:33:22]} {[%emt 00:00:08]} 8. Na3 {[%clk
01:33:07]} {[%emt 00:00:05]} b5 {[%clk 01:33:42]} {[%emt 00:00:11]} 9. Nd5
{[%clk 01:33:32]} {[%emt 00:00:04]} Be7 {[%clk 01:34:05]} {[%emt 00:00:08]} 10.
Bxf6 {[%clk 01:33:57]} {[%emt 00:00:04]} Bxf6 {[%clk 01:34:30]} {[%emt
00:00:05]} 11. c4 {[%clk 01:34:20]} {[%emt 00:00:07]} b4 {[%clk 01:26:07]}
{[%emt 00:08:54]} 12. Nc2 {[%clk 01:34:48]} {[%emt 00:00:01]} a5 {[%clk
01:21:48]} {[%emt 00:04:49]} 13. g3 {[%clk 01:35:13]} {[%emt 00:00:05]} Bg5
{[%clk 01:17:25]} {[%emt 00:04:53]} 14. Bg2 {[%clk 01:35:34]} {[%emt 00:00:08]}
Ne7 {[%clk 01:00:24]} {[%emt 00:17:33]} 15. Nce3 {[%clk 01:29:29]} {[%emt
00:06:35]} O-O {[%clk 00:53:28]} {[%emt 00:07:25]} 16. O-O {[%clk 01:23:08]}
{[%emt 00:06:51]} Nxd5 {[%clk 00:50:35]} {[%emt 00:03:24]} 17. Nxd5 {[%clk
01:21:05]} {[%emt 00:02:32]} Be6 {[%clk 00:50:43]} {[%emt 00:00:21]} 18. f4
{[%clk 01:19:18]} {[%emt 00:02:17]} Bxd5 {[%clk 00:50:27]} {[%emt 00:00:47]}
19. Qxd5 {[%clk 01:16:25]} {[%emt 00:03:23]} Bf6 {[%clk 00:50:03]} {[%emt
00:00:53]} 20. Kh1 {[%clk 01:08:32]} {[%emt 00:08:23]} Qb6 {[%clk 00:38:27]}
{[%emt 00:12:07]} 21. Rad1 {[%clk 00:59:27]} {[%emt 00:09:35]} Rfd8 {[%clk
00:21:06]} {[%emt 00:17:51]} 22. b3 {[%clk 00:58:17]} {[%emt 00:01:40]} a4
{[%clk 00:19:38]} {[%emt 00:01:58]} 23. Rd2 {[%clk 00:53:19]} {[%emt 00:05:28]}
axb3 {[%clk 00:19:04]} {[%emt 00:01:04]} 24. axb3 {[%clk 00:53:43]} {[%emt
00:00:06]} h6 {[%clk 00:17:28]} {[%emt 00:02:06]} 25. h3 {[%clk 00:48:26]}
{[%emt 00:05:46]} Ra5 {[%clk 00:14:25]} {[%emt 00:03:33]} 26. Qd3 {[%clk
00:48:40]} {[%emt 00:00:16]} Ra3 {[%clk 00:12:53]} {[%emt 00:02:03]} 27. Qc2
{[%clk 00:46:25]} {[%emt 00:02:44]} Rda8 {[%clk 00:11:06]} {[%emt 00:02:18]}
28. Rfd1 {[%clk 00:40:54]} {[%emt 00:06:01]} Ra1 {[%clk 00:08:16]} {[%emt
00:03:21]} 29. Qd3 {[%clk 00:35:20]} {[%emt 00:06:03]} Rxd1+ {[%clk 00:04:36]}
{[%emt 00:04:10]} 30. Rxd1 {[%clk 00:35:49]} Qf2 {[%clk 00:04:11]} {[%emt
00:00:54]} 31. Qf3 {[%clk 00:31:06]} {[%emt 00:05:14]} Qc5 {[%clk 00:03:18]}
{[%emt 00:01:23]} 32. Rd5 {[%clk 00:29:06]} {[%emt 00:02:30]} Qb6 {[%clk
00:01:59]} {[%emt 00:01:48]} 33. Rb5 {[%clk 00:25:43]} {[%emt 00:03:53]} Qd4
{[%clk 00:01:43]} {[%emt 00:00:47]} 34. Rxb4 {[%clk 00:22:09]} {[%emt
00:04:04]} Bd8 {[%clk 00:02:03]} {[%emt 00:00:11]} 35. Kh2 {[%clk 00:17:16]}
{[%emt 00:05:23]} Bb6 {[%clk 00:01:54]} {[%emt 00:00:39]} 36. h4 {[%clk
00:17:37]} {[%emt 00:00:08]} Qg1+ {[%clk 00:01:32]} {[%emt 00:00:52]} 37. Kh3
{[%clk 00:18:06]} Ra2 {[%clk 00:01:16]} {[%emt 00:00:47]} 38. Qf1 {[%clk
00:15:21]} {[%emt 00:03:14]} Qc5 {[%clk 00:01:09]} {[%emt 00:00:38]} 39. Rb5
{[%clk 00:14:31]} {[%emt 00:01:20]} Qe3 {[%clk 00:00:40]} {[%emt 00:00:59]} 40.
fxe5 {[%clk 00:13:26]} {[%emt 00:01:35]} dxe5 {[%clk 00:00:45]} {[%emt
00:00:24]} 41. c5 {[%clk 00:20:50]} {[%emt 00:23:06]} Bxc5 {[%clk 00:24:57]}
{[%emt 00:06:18]} 42. Rb8+ {[%clk 00:20:49]} {[%emt 00:00:31]} Bf8 {[%clk
00:25:15]} {[%emt 00:00:12]} 43. b4 {[%clk 00:19:56]} {[%emt 00:01:23]} Ra3
{[%clk 00:23:11]} {[%emt 00:02:35]} 44. Kh2 {[%clk 00:16:11]} {[%emt 00:04:14]}
Qxg3+ {[%clk 00:23:35]} {[%emt 00:00:05]} 45. Kg1 {[%clk 00:16:26]} {[%emt
00:00:15]} Re3 {[%clk 00:23:53]} {[%emt 00:00:13]} 46. b5 {[%clk 00:15:57]}
{[%emt 00:00:59]} Re1 {[%clk 00:24:05]} {[%emt 00:00:17]} 47. b6 {[%clk
00:16:21]} {[%emt 00:00:07]} Rxf1+ {[%clk 00:23:21]} {[%emt 00:01:13]} 48. Kxf1
{[%clk 00:16:50]} {[%emt 00:00:01]} Qd3+ {[%clk 00:23:17]} {[%emt 00:00:35]}
49. Kg1 {[%clk 00:17:19]} Qd6 {[%clk 00:23:37]} {[%emt 00:00:09]} 0-1

[Event "DEM U18 2024"]
[Site "Willingen GER"]
[Date "2024.05.24"]
[Round "8"]
[White "Foksha, Mischa"]
[Black "Metzdorf, Matteo"]
[Result "1-0"]
[Termination "normal"]
[Board "10"]
[WhiteElo "2022"]
[BlackElo "2131"]
[WhiteClock "00:22:21"]
[BlackClock "00:01:53"]
[PlyCount "113"]
[WhiteFideId "16253400"]
[BlackFideId "16209869"]
[EventCountry "GER"]
[EventRounds "9"]
[EventType "swiss"]
[EventDate "2024.05.18"]

1. e4 {[%clk 01:30:57]} {[%emt 00:00:02]} c5 {[%clk 01:30:53]} {[%emt
00:00:07]} 2. Nf3 {[%clk 01:31:24]} {[%emt 00:00:04]} e6 {[%clk 01:31:15]}
{[%emt 00:00:08]} 3. d4 {[%clk 01:31:50]} {[%emt 00:00:04]} cxd4 {[%clk
01:31:37]} {[%emt 00:00:09]} 4. Nxd4 {[%clk 01:32:15]} {[%emt 00:00:04]} a6
{[%clk 01:32:03]} {[%emt 00:00:05]} 5. c4 {[%clk 01:32:41]} {[%emt 00:00:03]}
Nf6 {[%clk 01:31:47]} {[%emt 00:00:47]} 6. Nc3 {[%clk 01:33:01]} {[%emt
00:00:09]} Qc7 {[%clk 01:31:48]} {[%emt 00:00:28]} 7. Be2 {[%clk 01:32:08]}
{[%emt 00:01:24]} Bb4 {[%clk 01:26:36]} {[%emt 00:05:42]} 8. Qd3 {[%clk
01:32:32]} {[%emt 00:00:06]} Nc6 {[%clk 01:25:07]} {[%emt 00:01:59]} 9. O-O
{[%clk 01:23:37]} {[%emt 00:09:25]} O-O {[%clk 01:18:28]} {[%emt 00:07:09]} 10.
Nxc6 {[%clk 01:19:30]} {[%emt 00:04:37]} dxc6 {[%clk 01:18:08]} {[%emt
00:00:50]} 11. Rd1 {[%clk 01:19:00]} {[%emt 00:01:01]} Be7 {[%clk 01:10:05]}
{[%emt 00:08:32]} 12. Bg5 {[%clk 01:13:24]} {[%emt 00:06:06]} e5 {[%clk
01:01:10]} {[%emt 00:09:26]} 13. Qg3 {[%clk 01:11:47]} {[%emt 00:02:06]} Kh8
{[%clk 00:50:57]} {[%emt 00:10:42]} 14. a3 {[%clk 01:09:54]} {[%emt 00:02:24]}
a5 {[%clk 00:42:21]} {[%emt 00:09:07]} 15. Rac1 {[%clk 01:03:16]} {[%emt
00:07:07]} Be6 {[%clk 00:29:36]} {[%emt 00:13:15]} 16. Nd5 {[%clk 00:55:37]}
{[%emt 00:08:09]} cxd5 {[%clk 00:25:28]} {[%emt 00:04:39]} 17. Bxf6 {[%clk
00:55:54]} {[%emt 00:00:13]} Bxf6 {[%clk 00:23:27]} {[%emt 00:02:31]} 18. cxd5
{[%clk 00:56:17]} {[%emt 00:00:07]} Qb6 {[%clk 00:22:42]} {[%emt 00:01:15]} 19.
dxe6 {[%clk 00:56:31]} {[%emt 00:00:15]} Qxb2 {[%clk 00:14:46]} {[%emt
00:08:26]} 20. Bc4 {[%clk 00:54:41]} {[%emt 00:02:20]} fxe6 {[%clk 00:14:46]}
{[%emt 00:00:29]} 21. Bxe6 {[%clk 00:51:27]} {[%emt 00:03:45]} b5 {[%clk
00:12:42]} {[%emt 00:02:34]} 22. Bf5 {[%clk 00:32:40]} {[%emt 00:19:16]} Rad8
{[%clk 00:06:22]} {[%emt 00:06:50]} 23. Qh3 {[%clk 00:32:43]} {[%emt 00:00:28]}
Rxd1+ {[%clk 00:04:49]} {[%emt 00:02:04]} 24. Rxd1 {[%clk 00:33:08]} {[%emt
00:00:04]} h6 {[%clk 00:05:14]} {[%emt 00:00:05]} 25. Qh5 {[%clk 00:30:10]}
{[%emt 00:03:27]} Qb3 {[%clk 00:05:11]} {[%emt 00:00:34]} 26. h3 {[%clk
00:29:50]} {[%emt 00:00:50]} Qf7 {[%clk 00:05:03]} {[%emt 00:00:37]} 27. Qe2
{[%clk 00:22:27]} {[%emt 00:07:54]} Qb7 {[%clk 00:02:56]} {[%emt 00:02:37]} 28.
Rd7 {[%clk 00:21:19]} {[%emt 00:01:38]} Qc6 {[%clk 00:03:14]} {[%emt 00:00:12]}
29. Qd1 {[%clk 00:15:53]} {[%emt 00:05:56]} Bg5 {[%clk 00:02:38]} {[%emt
00:01:06]} 30. Kh2 {[%clk 00:10:18]} {[%emt 00:06:04]} Qc1 {[%clk 00:01:46]}
{[%emt 00:01:23]} 31. Qh5 {[%clk 00:10:39]} {[%emt 00:00:09]} Bf4+ {[%clk
00:00:37]} {[%emt 00:01:40]} 32. g3 {[%clk 00:10:59]} {[%emt 00:00:09]} Qf1
{[%clk 00:00:44]} {[%emt 00:00:22]} 33. Qf3 {[%clk 00:10:23]} {[%emt 00:01:06]}
Bg5 {[%clk 00:00:53]} {[%emt 00:00:22]} 34. Rd1 {[%clk 00:06:30]} {[%emt
00:04:23]} Qc4 {[%clk 00:01:17]} {[%emt 00:00:07]} 35. Qh5 {[%clk 00:06:52]}
{[%emt 00:00:07]} Qf7 {[%clk 00:01:00]} {[%emt 00:00:47]} 36. Qxf7 {[%clk
00:07:16]} {[%emt 00:00:06]} Rxf7 {[%clk 00:01:28]} {[%emt 00:00:02]} 37. Kg2
{[%clk 00:07:29]} {[%emt 00:00:17]} Rb7 {[%clk 00:00:44]} {[%emt 00:01:14]} 38.
Rd5 {[%clk 00:05:57]} {[%emt 00:02:02]} Bf6 {[%clk 00:00:39]} {[%emt 00:00:36]}
39. f4 {[%clk 00:05:23]} {[%emt 00:01:04]} exf4 {[%clk 00:00:39]} {[%emt
00:00:29]} 40. gxf4 {[%clk 00:05:49]} {[%emt 00:00:04]} g5 {[%clk 00:00:38]}
{[%emt 00:00:31]} 41. Rd6 {[%clk 00:05:11]} {[%emt 00:01:09]} Kg7 {[%clk
00:17:11]} {[%emt 00:13:56]} 42. e5 {[%clk 00:35:13]} {[%emt 00:00:28]} Be7
{[%clk 00:17:08]} {[%emt 00:00:32]} 43. Rg6+ {[%clk 00:35:19]} {[%emt
00:00:24]} Kf8 {[%clk 00:17:18]} {[%emt 00:00:20]} 44. Be6 {[%clk 00:34:56]}
{[%emt 00:00:54]} Ke8 {[%clk 00:13:52]} {[%emt 00:03:56]} 45. f5 {[%clk
00:22:52]} {[%emt 00:12:33]} Bxa3 {[%clk 00:05:11]} {[%emt 00:09:12]} 46. Rg8+
{[%clk 00:22:59]} {[%emt 00:00:23]} Bf8 {[%clk 00:05:27]} {[%emt 00:00:13]} 47.
f6 {[%clk 00:23:23]} {[%emt 00:00:06]} Rc7 {[%clk 00:01:54]} {[%emt 00:04:04]}
48. Bd5 {[%clk 00:23:25]} {[%emt 00:00:27]} Rc2+ {[%clk 00:01:27]} {[%emt
00:00:59]} 49. Kf3 {[%clk 00:23:41]} {[%emt 00:00:13]} Rc1 {[%clk 00:01:04]}
{[%emt 00:00:53]} 50. Kg4 {[%clk 00:23:02]} {[%emt 00:01:08]} Rf1 {[%clk
00:00:49]} {[%emt 00:00:45]} 51. Kh5 {[%clk 00:21:41]} {[%emt 00:01:52]} Rf5
{[%clk 00:00:40]} {[%emt 00:00:38]} 52. Kg6 {[%clk 00:22:05]} {[%emt 00:00:06]}
Rxe5 {[%clk 00:00:45]} {[%emt 00:00:26]} 53. Bc6+ {[%clk 00:22:30]} {[%emt
00:00:04]} Kd8 {[%clk 00:01:11]} {[%emt 00:00:04]} 54. Rxf8+ {[%clk 00:22:51]}
{[%emt 00:00:09]} Kc7 {[%clk 00:01:37]} {[%emt 00:00:04]} 55. Re8 {[%clk
00:21:51]} {[%emt 00:01:30]} Rc5 {[%clk 00:01:29]} {[%emt 00:00:38]} 56. f7
{[%clk 00:21:56]} {[%emt 00:00:26]} Rxc6+ {[%clk 00:01:53]} {[%emt 00:00:05]}
57. Kg7 {[%clk 00:22:21]} {[%emt 00:00:05]} 1-0